LDR 00770naa#a2200169#i#450# 001 RU\\bibl\126641 005 20260703225534.5 011 ## _a2587-6740 100 ## _a20260615b2026####ek#y0rusy0150####ca 102 ## _aRU 200 1# _aРепутационный капитал как фактор устойчивого развития аграрных предприятий в России _eЖурнальная статья 210 1# _aМосква _cЭлектронная наука _d2026 215 ## _a3 с. 608 ## _aЖурнальная статья _2local 675 ## _aОрганизация и управление сельскохозяйственным производством. 631.1 _z 700 #1 _aШагеева _gГульнара Рафаиловна 856 4# _aqje.su _u